00438 2200181 4500245004700000020002200047250001100069100001300080700002000093650001100113650002000124005001900144260003400163041001400197084001000211300002600221336000900247 aRemaja dan Kesadaran HukumcDaryantohText a978-979-021-601-3 aCet. 1 aDaryanto aMahmud Sya'roni aRemaja aKesadaran Hukum a20230328130051 aSemarangbBengawan Ilmuc2010 aIndonesia a340.1 aiv, 60 hlm. :c25 cm. atext